All D1 NCAA Men's Lacrosse Programs - Statistics

General Stats
  • This quiz has been taken 3,462 times
    1,192 since last reset
  • The average score is 41 of 77
Answer Stats
conf School % Correct
ACC Duke
91%
Ivy Pennsylvania
90%
ACC North Carolina
89%
Ivy Harvard
87%
ACC Notre Dame
87%
BIG10 Ohio St
87%
BIG10 Maryland
86%
Ivy Cornell
85%
BIG10 Michigan
85%
ACC Syracuse
83%
ACC Virginia
83%
Ivy Princeton
82%
BIG10 Penn St
81%
Ivy Yale
81%
Ivy Brown
78%
Patriot Army
75%
Ivy Dartmouth
75%
Patriot Navy
74%
BIG10 Rutgers
74%
BIG10 Johns Hopkins
70%
ASUN Air Force
62%
Atlantic 10 UMass
62%
Big East Georgetown
61%
American East Albany
58%
Big East Denver
58%
Atlantic 10 Richmond
56%
Big East St. John's
56%
Big East Villanova
55%
American East Vermont
54%
Patriot Loyola
53%
Patriot Lehigh
52%
Patriot Boston U
51%
Patriot Colgate
51%
Atlantic 10 Delaware
51%
Big East Providence
51%
ASUN Utah
51%
Coastal Athletic Towson
50%
ASUN Jacksonville
48%
Atlantic 10 High Point
47%
Patriot Bucknell
45%
NEC Long Island
45%
Big East Marquette
45%
American East UMBC
44%
Patriot Holy Cross
43%
NEC Detroit Mercy
42%
Coastal Athletic Hofstra
42%
Patriot Lafayette
42%
American East NJIT
42%
American East Binghamton
41%
American East Bryant
41%
Coastal Athletic Drexel
41%
Coastal Athletic Stony Brook
41%
Coastal Athletic Fairfield
40%
MAAC Manhattan
40%
MAAC Sacred Heart
40%
MAAC Siena
40%
MAAC Marist
39%
Atlantic 10 Saint Joseph's
39%
American East UMass Lowell
39%
NEC Robert Morris
38%
Atlantic 10 St. Bonaventure
38%
Coastal Athletic Hampton
37%
MAAC Iona
37%
NEC Cleveland St
36%
MAAC Quinnipiac
36%
MAAC Canisius
35%
ASUN Mercer
35%
NEC Wagner
35%
Coastal Athletic Monmouth
34%
ASUN Bellarmine
33%
Atlantic 10 Hobart
33%
MAAC Merrimack
33%
NEC Mercyhurst
31%
NEC VMI
31%
MAAC Mount St. Mary's
30%
ASUN Queens
30%
NEC Le Moyne
28%
No matching quizzes found
Score Distribution
Percent of People with Each Score
Percentile by Number Answered
Your Score History
You have not taken this quiz since the last reset